| 000 | 00000nam##2200000za#4500 |
| 001 | 9.588193 |
| 003 | CaOODSP |
| 005 | 20210929082754 |
| 007 | cr ||||||||||| |
| 008 | 150406|2008||||xxc|||||o f|0| 0 eng|d |
| 040 | |aCaOODSP|beng |
| 041 | |aeng |
| 041 | |afre |
| 043 | |an-cn--- |
| 086 | 1 |aFo123-3/2-2008-PDF |
| 110 | 1 |aCanada. |bNatural Resources Canada. |bCanadian Forest Service. |
| 245 | 10|aRiparian harvesting policy|h[electronic resource]|c[issued by the] Great Lakes Forestry Centre. |
| 260 | |aSault Ste. Marie - Ontario : |bNatural Resources Canada. |cc2008. |
| 300 | |a8p.|breferences, photographs |
| 490 | 1 |aFrontline, policy perspectives|vNote 2 |
| 590 | |a12-39-Supp|b2012-10-11 |
| 690 | 07|aForestry policy|2gcpds |
| 792 | |tPolitique en matière d'exploitation forestière en zone riveraine|efre|w(CaOODSP)9.588194 |
| 830 | #0|aFrontline, policy perspectives ;|vNote 2|w(CaOODSP)9.500667 |
| 856 | 40|ahttp://publications.gc.ca|qPDF|s6.90 MB|uhttps://publications.gc.ca/collections/collection_2012/rncan-nrcan/Fo123-3-2-2008.pdf|yNote 2 |